000
00175nam a2200073Ia 4500
008
170620s9999 xx 000 0 und d
100
_a
KUMAR ASHOK
245
0
_a
RADIO AUR SANGEET
260
_b
NEW DELHI KANISKA
999
_c
30222
_d
30222